| 000 | 00998nam a2200265 a 4500 | ||
|---|---|---|---|
| 005 | 20200104041543.0 | ||
| 008 | 140312s1995 ck a fr|||| 000 0 spa d | ||
| 020 | _a9589394019 | ||
| 040 |
_aCO-BoIAVH _cCO-BoIAVH |
||
| 041 | 0 | _aspa | |
| 044 | _ack | ||
| 082 | 0 | 4 |
_a338.9 _bC75d |
| 110 | 2 | _aConsejo Empresarial Colombiano para el Desarrollo Sostenible | |
| 245 | 1 | 3 |
_aEl desarrollo sostenible en la economía de América Latina / _cCECODES, CLADEI |
| 250 | _aPrimera edición. | ||
| 260 |
_aBogotá : _bConsejo Empresarial Colombiano para el Desarrollo Sostenible : _bCorporación Latinoamericana de Economía Internacional, _c1995. |
||
| 300 |
_a259 páginas : _bIlustraciones ; _c21 x 14 cm. |
||
| 650 | 1 | 6 | _aDesarrollo sostenible |
| 650 | 2 | 6 | _aEconomía |
| 662 | _aAmérica Latina | ||
| 700 | 1 | _aCorrea, María Emilia | |
| 700 | 1 | _aValencia , Jorge | |
| 710 | 2 | _aCorporación Latinoamericana de Economía Internacional | |
| 942 |
_cLIBRO _2ddc |
||
| 999 |
_c3818 _d3818 |
||